Centrales nucléaires du parc français - Statistiques

Statistiques générales
  • Ce quiz a été pris 173 fois
  • Le résultat moyen est 11 sur 18
Statistiques - réponses
Réponse % Correct
Flamanville
76%
Bugey
73%
Tricastin
72%
Gravelines
67%
Chinon
66%
Chooz
66%
Cattenom
62%
Cruas
62%
St-Alban
60%
Le Blayais
58%
Golfech
56%
Paluel
56%
Civaux
55%
Nogent-sur-Seine
55%
St-Laurent-des-Eaux
54%
Penly
53%
Dampierre
50%
Belleville
48%
Aucun quiz correspondant
Distribution des résultats
% des personnes avec chaque résultat
Percentile par nombre de réponses
Votre historique - résultats
Vous n’avez pas pris ce quiz